000 00500nam a2200193 a 4500
001 ES-MaREB00197260-7
003 OSt
005 20140204174801.0
008 020226s1959 mex 000 1 spa d
040 _cBMC
082 _a863.9921
100 1 _aBenítez, Fernando.
245 1 3 _aEl rey viejo
_cFernando Benítez
250 _a2ª ed
260 _aMéxico, D.F. [etc.]
_bFondo de Cultura Económica
_c1959
300 _a203 p.
_c17 cm
490 0 _aColección Popular
_v6
942 _2ddc
_cBK
999 _c6608
_d6608